Jérusalem 1900 : La ville sainte à l'âge des possibles (notice n° 1925705)
[ vue normale ]
| 000 -LEADER | |
|---|---|
| fixed length control field | 01505cam a2200133 4500500 |
| 005 - DATE AND TIME OF LATEST TRANSACTION | |
| control field | 20260329023233.0 |
| 041 ## - LANGUAGE CODE | |
| Language code of text/sound track or separate title | fre |
| 042 ## - AUTHENTICATION CODE | |
| Authentication code | dc |
| 100 10 - MAIN ENTRY--PERSONAL NAME | |
| Personal name | Lemire, Vincent |
| Relator term | author |
| 245 00 - TITLE STATEMENT | |
| Title | Jérusalem 1900 : La ville sainte à l'âge des possibles |
| 260 ## - PUBLICATION, DISTRIBUTION, ETC. | |
| Name of publisher, distributor, etc. | Armand Colin,<br/> |
| Date of publication, distribution, etc. | 2013.<br/> |
| 520 ## - SUMMARY, ETC. | |
| Summary, etc. | Jérusalem n’a pas toujours été un champ de bataille. À l’orée du XXe siècle, une autre histoire se dessine, portée par l’émergence d’une identité citadine partagée, loin des dérives communautaristes qui semblent aujourd’hui l’emporter. Cette histoire a longtemps été oubliée et mérite à elle seule d’être racontée. On y croise un maire arabe polyglotte, un député ottoman franc-maçon, des Juifs levantins, mais aussi des archéologues occidentaux occupés à creuser le sous-sol pour faire ressurgir les lieux saints de la « Jérusalem biblique ». Vincent Lemire restitue cette période exceptionnelle en s’appuyant sur les recherches les plus récentes et sur de nombreuses sources inédites, notamment les archives de la municipalité ottomane de Jérusalem. Alors que la ville sainte est aujourd’hui à un nouveau tournant de son histoire et que la question de son partage se pose une fois encore, il faut se souvenir de cet « âge des possibles » qui peut livrer quelques clés pour mieux comprendre le présent et envisager l’avenir. |
| 856 41 - ELECTRONIC LOCATION AND ACCESS | |
| Uniform Resource Identifier | <a href="https://shs.cairn.info/jerusalem-1900--9782200350604?lang=fr&redirect-ssocas=7080">https://shs.cairn.info/jerusalem-1900--9782200350604?lang=fr&redirect-ssocas=7080</a> |
Pas d'exemplaire disponible.




Réseaux sociaux